00908nam a22002537a 4500003000900000008004100009020001500050040007100065082001800136100002100154245006100175260002500236300002800261440003500289505016600324650002100490650002000511650002300531700002000554700002300574700001700597700001900614700002100633AR-CdUCM190304b ||||| |||| 00| 0 spa d a9972804356 aMUNICIPALIDAD PROVINCIAL DEL CUSCOcBIBLIOTECA MUNICIPAL DEL CUSCO a363.61 /bC26 aCárdenas, Nora aConstruyendo ciudadanía :bEl derecho humano al agua / aLima :bCIES,c2005. a260 páginas ;c20 cm. aDiagnóstico y propuesta n17 aMarco internacional sobre derecho al agua -- Marco normativo nacional -- El agua como recurso -- Hallazgos regionales -- Discusión de los hallazgos a la luz... aDerecho al agua. aMedio ambiente. aAgua como recurso. aMakovski, Pedro aRodriguez, Enrique aVargas, Lita aVargas, Rosana aCordero, Marisol